Growth regulators in fruit production

Na minha lista:
Detalhes bibliográficos
Autor principal: Luckwill, L. C (Autor)
Formato: Livro
Idioma:inglês
Publicado em: La Haya ISHS 1978
coleção:Acta horticulturae, 80
Assuntos:
Tags: Adicionar Tag
Sem tags, seja o primeiro a adicionar uma tag!

MARC

LEADER 00000nam a2200000 a 4500
001 UCY1970
003 CL-VaPUC
005 20220315074411.0
008 940930e19780000ne 1 eng d
082 0 4 |a 631.5  |b LUC  |2 21 
100 1 |a Luckwill, L. C  |e author  |9 617080 
245 1 0 |a Growth regulators in fruit production 
260 |a La Haya  |b ISHS  |c 1978 
300 |a 476 p 
490 0 |a Acta horticulturae, 80 
583 |a last modification  |c 20190821 09:36:21  |k Rodrigo Vera 
650 0 7 |a REGULADORES DEL CRECIMIENTO DE LAS PLANTAS  |2 CL-VaPUC  |9 264716 
650 0 0 |a Congresos  |9 257560 
650 0 0 |a Fruticultura  |9 259678 
942 |c BK 
945 |a mfernand  |d 19940930 00:00:00 
546 |a En Inglés 
536 |a ISHS 
518 |p International Symposium on Growth Regulators in Fruit Production, 3, Brzezna, 1977 
999 |c 382290  |d 382288